|
|
|
|
| LEADER |
00000cam a2200000 7i4500 |
| 001 |
0000003473 |
| 005 |
20220105103946.0 |
| 008 |
070718 |
| 020 |
|
|
|a 983327806X
|
| 090 |
0 |
0 |
|a JP
|b ANM MAL (3770)
|
| 245 |
0 |
0 |
|a Anak labi-labi berjasa
|
| 260 |
|
|
|a Selangor :
|b Early Learner publications
|
| 440 |
|
0 |
|a Siri teladan anak-anak haiwan
|
| 500 |
|
|
|a Children age 4-6 years old (yellow)
|
| 650 |
|
0 |
|a Animal
|
| 650 |
|
0 |
|a Junior preschool
|x Malay
|x Languages
|
| 710 |
0 |
|
|a Title
|
| 999 |
|
|
|a 0000971076
|b Book
|c Children Collection
|e Cawangan Tmn. Ungku Tun Aminah
|
| 999 |
|
|
|a 0000971077
|b Book
|c Children Collection
|e Cawangan Tmn. Ungku Tun Aminah
|
| 999 |
|
|
|a 0000971078
|b Book
|c Children Collection
|e Perbadanan Perpustakaan Awam Johor
|
| 999 |
|
|
|a 0000971079
|b Book
|c Children Collection
|e Cawangan Tmn. Ungku Tun Aminah
|
| 999 |
|
|
|a 0000971080
|b Book
|c Children Collection
|e Perbadanan Perpustakaan Awam Johor
|
| 999 |
|
|
|a 0000989344
|b Book
|c Children Collection
|e Cawangan Tmn. Ungku Tun Aminah
|
| 999 |
|
|
|a 0000989345
|b Book
|c Children Collection
|e Cawangan Bandar Penawar
|
| 999 |
|
|
|a 0000989346
|b Book
|c Children Collection
|e Cawangan Bukit Gambir
|